[Event "Open Portugal 2019"]
[Site "Lisboa POR"]
[Date "2019.02.03"]
[Round "3.75"]
[White "Pires, Emanuel"]
[Black "Iasman, Inna"]
[Result "1-0"]
[WhiteElo "2115"]
[BlackElo "1802"]
[WhiteFideId "1914715"]
[BlackFideId "24125563"]
[WhiteCountry "POR"]
[BlackCountry "FRA"]
[PlyCount "143"]
[EventDate "2019.02.02"]

1. e4 c6 2. Bc4 d5 3. Bb3 dxe4 4. Qh5 e6 5. f3 Nf6 6. Qh4 exf3 7. Nxf3 Be7 8.
O-O O-O 9. d4 a5 10. c3 Nd5 11. Qe1 Nd7 12. Nbd2 N7f6 13. Bc2 c5 14. Kh1 b6 15.
Ne5 cxd4 16. Nc6 Qd7 17. Nxe7+ Nxe7 18. Nf3 d3 19. Ne5 Qd5 20. Nxd3 Ng6 21. Nf4
Nxf4 22. Bxf4 Bb7 23. Rf2 Rac8 24. Rd2 Qh5 25. Rad1 Nd5 26. Be5 Qg5 27. Be4 Bc6
28. Rd3 Nf6 29. Rg3 Qh6 30. Bxc6 Rxc6 31. Qf1 Ne8 32. Qf3 Rc5 33. Bd4 Rf5 34.
Qc6 b5 35. Re1 Nf6 36. h3 Qd2 37. Rge3 Nd5 38. R3e2 Rf1+ 39. Rxf1 Qxe2 40. Rf2
Qe1+ 41. Kh2 b4 42. cxb4 axb4 43. a4 bxa3 44. bxa3 Qa5 45. Bc5 Qa8 46. Qd7 Nf6
47. Qd4 Rd8 48. Qf4 Qb8 49. Qxb8 Rxb8 50. Ra2 Nd7 51. Bd6 Rb6 52. Bf4 e5 53. Be3
Rb8 54. a4 f5 55. a5 f4 56. Bd2 Ra8 57. Bc3 Kf7 58. a6 Nb8 59. Bxe5 Rxa6 60. Rb2
Nd7 61. Rb7 Ke6 62. Bxf4 h6 63. Rb2 g5 64. Bd2 Nf6 65. Bc3 Ne4 66. Bg7 h5 67.
Rb5 Kf7 68. Bd4 Re6 69. g4 hxg4 70. hxg4 Kg6 71. Be3 Kf6 72. Kg2 1-0

[Event "Open Portugal 2019"]
[Site "Lisboa POR"]
[Date "2019.02.03"]
[Round "3.76"]
[White "Fröwis, Annika"]
[Black "García Ortega, Manuel"]
[Result "1-0"]
[WhiteElo "2104"]
[BlackElo "1785"]
[WhiteFideId "1621432"]
[BlackFideId "2227533"]
[WhiteTitle "WFM"]
[WhiteCountry "AUT"]
[BlackCountry "ESP"]
[PlyCount "67"]
[EventDate "2019.02.02"]

1. e4 c5 2. Nf3 Nc6 3. d4 cxd4 4. Nxd4 e5 5. Nb5 a6 6. Nd6+ Bxd6 7. Qxd6 Qf6 8.
Qd1 Nge7 9. Nc3 O-O 10. Be3 b5 11. Qd2 h6 12. O-O-O Rb8 13. g4 b4 14. Nd5 Qf3
15. Bd3 d6 16. Rhg1 Nxd5 17. exd5 Ne7 18. Be2 Qe4 19. f3 Qg6 20. Bd3 Qf6 21. Be4
g5 22. h4 Ng6 23. hxg5 hxg5 24. Bxg5 Qg7 25. Rh1 f5 26. gxf5 Rxf5 27. Bxf5 Bxf5
28. Rh2 a5 29. Bh6 Qd7 30. Qg5 b3 31. axb3 Rxb3 32. Rg1 Rxf3 33. Qf6 Qe8 34.
Qg7# 1-0

[Event "Open Portugal 2019"]
[Site "Lisboa POR"]
[Date "2019.02.03"]
[Round "3.77"]
[White "Selva Salvador, Antonio"]
[Black "Bertola, Georges"]
[Result "1/2-1/2"]
[WhiteElo "1825"]
[BlackElo "2101"]
[WhiteFideId "2223821"]
[BlackFideId "1307967"]
[WhiteCountry "ESP"]
[BlackCountry "SUI"]
[PlyCount "63"]
[EventDate "2019.02.02"]

1. d4 Nf6 2. Nf3 g6 3. b3 Bg7 4. Bb2 d5 5. Nbd2 O-O 6. g3 c5 7. e3 Nc6 8. Bg2 b6
9. O-O Bb7 10. c4 cxd4 11. exd4 e6 12. Re1 Rc8 13. Rc1 Re8 14. Ne5 Nxe5 15. dxe5
Nd7 16. cxd5 exd5 17. f4 Rxc1 18. Bxc1 Nc5 19. Nf3 Qd7 20. Nd4 f6 21. Nf3 fxe5
22. Nxe5 Qe6 23. Bb2 Ne4 24. Qd3 Rc8 25. Rd1 Bf8 26. Bd4 Bg7 27. Nf3 Qe7 28.
Bxg7 Qxg7 29. Ng5 Qe7 30. Qd4 Nxg5 31. fxg5 Qxg5 32. h4 1/2-1/2

[Event "Open Portugal 2019"]
[Site "Lisboa POR"]
[Date "2019.02.03"]
[Round "3.78"]
[White "Elias, Benjamim"]
[Black "Sousa, Hugo C"]
[Result "0-1"]
[WhiteElo "1819"]
[BlackElo "2097"]
[WhiteFideId "1903578"]
[BlackFideId "1930842"]
[WhiteCountry "POR"]
[BlackCountry "POR"]
[PlyCount "170"]
[EventDate "2019.02.02"]

1. f4 e6 2. e3 d5 3. b3 f5 4. Bb2 Nf6 5. Nf3 Bd6 6. Nc3 O-O 7. Nb5 Be7 8. c4 b6
9. cxd5 exd5 10. Na3 c5 11. Be2 Ba6 12. O-O Bxe2 13. Qxe2 Nc6 14. Nc2 Rc8 15.
Nce1 Qc7 16. Nd3 Bd6 17. Nde5 Rce8 18. Nxc6 Qxc6 19. Qd3 Ne4 20. Rac1 Qb7 21.
Ne5 Re6 22. Nf3 Be7 23. Ne5 Rd8 24. Rfd1 Rh6 25. Nf3 Qd7 26. Qe2 Qe8 27. Ne5 Bd6
28. d3 Nf6 29. d4 cxd4 30. Bxd4 Bxe5 31. fxe5 Ng4 32. h3 Nxe5 33. Rc7 a5 34. Qf2
Qh5 35. Rf1 Re8 36. Qxf5 Qxf5 37. Rxf5 Rhe6 38. Bxe5 Rxe5 39. Rff7 Rg5 40. Kf2
Re6 41. g4 Re4 42. Rfd7 h5 43. gxh5 Rh4 44. h6 Rxh6 45. Rc8+ Kh7 46. Rb8 Rxh3
47. Rxb6 Rh2+ 48. Kf3 Rxa2 49. Rb5 Rf5+ 50. Kg4 Re5 51. Rbxd5 Rxe3 52. Rh5+ Kg8
53. Rb5 Rg2+ 54. Kf4 Rc3 55. Rd8+ Kh7 56. Rh5+ Kg6 57. Rb5 a4 58. Rd6+ Kh7 59.
bxa4 Rc4+ 60. Kf3 Ra2 61. Rd3 Raxa4 62. Rg5 Kh6 63. Rg1 Rf4+ 64. Ke3 Rae4+ 65.
Kd2 g5 66. Rd6+ Kh5 67. Rd5 Rg4 68. Rh1+ Rh4 69. Rg1 Rh2+ 70. Kd3 Rg4 71. Rxg4
Kxg4 72. Rd4+ Kf3 73. Rd8 Ra2 74. Rf8+ Kg3 75. Ke4 Re2+ 76. Kd3 Re7 77. Rf6 g4
78. Rb6 Kf3 79. Rf6+ Kg2 80. Rb6 g3 81. Rb2+ Kh1 82. Rb8 g2 83. Rh8+ Kg1 84. Ra8
Rh7 85. Ke2 Kh1 0-1

[Event "Open Portugal 2019"]
[Site "Lisboa POR"]
[Date "2019.02.03"]
[Round "3.79"]
[White "Saltvedt, Martin"]
[Black "Sá, Nuno"]
[Result "0-1"]
[WhiteElo "2095"]
[BlackElo "1767"]
[WhiteFideId "1518500"]
[BlackFideId "1908219"]
[WhiteCountry "NOR"]
[BlackCountry "POR"]
[PlyCount "66"]
[EventDate "2019.02.02"]

1. d4 d5 2. Bf4 Nf6 3. e3 e6 4. Nf3 Nbd7 5. Bd3 Nh5 6. Bg3 Nxg3 7. hxg3 Nf6 8.
Nbd2 Bd6 9. c3 c6 10. Qe2 Qc7 11. e4 dxe4 12. Nxe4 Nxe4 13. Bxe4 h6 14. g4 Bd7
15. g5 O-O-O 16. gxh6 Rxh6 17. Rxh6 gxh6 18. O-O-O Rg8 19. g3 f5 20. Bc2 f4 21.
gxf4 Bxf4+ 22. Kb1 Qd8 23. Ne5 Qf6 24. Re1 Bxe5 25. dxe5 Qf4 26. Rd1 Rf8 27. Bg6
Qxf2 28. Qd3 Rd8 29. Be8 Qf5 30. Bxd7+ Rxd7 31. Qxf5 Rxd1+ 32. Kc2 exf5 33. Kxd1
Kd7 0-1

[Event "Open Portugal 2019"]
[Site "Lisboa POR"]
[Date "2019.02.03"]
[Round "3.80"]
[White "Maselli, Daniel"]
[Black "Hodovský, Jiri"]
[Result "1-0"]
[WhiteElo "1816"]
[BlackElo "2094"]
[WhiteFideId "2814140"]
[BlackFideId "317250"]
[WhiteCountry "ITA"]
[BlackCountry "CZE"]
[PlyCount "73"]
[EventDate "2019.02.02"]

1. d4 Nf6 2. Nf3 e6 3. Bf4 c5 4. e3 Nc6 5. c3 d5 6. Nbd2 cxd4 7. exd4 Bd6 8. Bg3
Bxg3 9. hxg3 Qc7 10. Bd3 b6 11. Qe2 Bb7 12. Ne5 Nxe5 13. Qxe5 Qxe5+ 14. dxe5 Nd7
15. Nf3 h6 16. Kd2 Ke7 17. a4 Nc5 18. Nd4 Rac8 19. a5 Nxd3 20. Kxd3 bxa5 21.
Rxa5 a6 22. Rha1 f6 23. f4 g5 24. Rxa6 Bxa6+ 25. Rxa6 fxe5 26. fxe5 Kf7 27. Rxe6
Rce8 28. Rf6+ Kg8 29. e6 Kg7 30. Rf7+ Kg6 31. Rd7 Rd8 32. Nc6 Rde8 33. e7 Kf5
34. Rxd5+ Kg4 35. b4 h5 36. b5 Rh6 37. Rd8 1-0

[Event "Open Portugal 2019"]
[Site "Lisboa POR"]
[Date "2019.02.03"]
[Round "3.81"]
[White "Aflalo, Sophie"]
[Black "Silva, Tiago Alexandre"]
[Result "1-0"]
[WhiteElo "2091"]
[BlackElo "1750"]
[WhiteFideId "656887"]
[BlackFideId "1935321"]
[WhiteCountry "FRA"]
[BlackCountry "POR"]
[PlyCount "89"]
[EventDate "2019.02.02"]

1. Nf3 Nf6 2. b3 e6 3. Bb2 Be7 4. c4 d5 5. e3 c5 6. cxd5 exd5 7. d4 O-O 8. Be2
b6 9. O-O Bb7 10. Nc3 Nc6 11. Na4 cxd4 12. Nxd4 Nxd4 13. Qxd4 Bc6 14. Rfd1 Ne8
15. Nc3 Bf6 16. Qd2 Nc7 17. Bf3 Rc8 18. Rac1 d4 19. Bxc6 dxc3 20. Bxc3 Qxd2 21.
Bxd2 Ne6 22. Kf1 Nc5 23. Bb5 Rfd8 24. Bb4 Rxd1+ 25. Rxd1 Rd8 26. Rxd8+ Bxd8 27.
Ke2 Be7 28. Bc6 Kf8 29. Bc3 Na6 30. a4 Bd6 31. e4 f6 32. g3 Ke7 33. f4 Nb8 34.
Bd5 Nd7 35. b4 h5 36. h4 Bc7 37. Kf3 Bd6 38. g4 hxg4+ 39. Kxg4 Bc7 40. h5 Bd6
41. Kf5 Bc7 42. e5 Bb8 43. h6 gxh6 44. e6 Nf8 45. Bxf6+ 1-0

[Event "Open Portugal 2019"]
[Site "Lisboa POR"]
[Date "2019.02.03"]
[Round "3.82"]
[White "Basílio, Rodrigo"]
[Black "Huse, Sigurd"]
[Result "1/2-1/2"]
[WhiteElo "1808"]
[BlackElo "2080"]
[WhiteFideId "1941380"]
[BlackFideId "1520717"]
[WhiteCountry "POR"]
[BlackCountry "NOR"]
[PlyCount "88"]
[EventDate "2019.02.02"]

1. e4 e5 2. Nf3 Nf6 3. Nxe5 d6 4. Nf3 Nxe4 5. d3 Nf6 6. Nc3 d5 7. d4 Bb4 8. Bd3
O-O 9. O-O Bg4 10. h3 Bh5 11. Bg5 c6 12. Bh4 Nbd7 13. g4 Bg6 14. Ne5 Qb6 15.
Nxg6 hxg6 16. Ne2 Rfe8 17. Bg3 Ne4 18. Bxe4 Rxe4 19. c3 Bf8 20. Qd2 Rae8 21.
Rae1 Qb5 22. Nf4 Rxe1 23. Rxe1 Rxe1+ 24. Qxe1 Nf6 25. Qe2 Qa5 26. a3 Ne4 27. Bh2
Bd6 28. f3 Ng5 29. Kg2 Qc7 30. Qe3 Qb8 31. Bg3 Qd8 32. h4 Bxf4 33. Qxf4 Ne6 34.
Qb8 Qxb8 35. Bxb8 a6 36. Bd6 f5 37. Kf2 Kf7 38. Ke3 Ke8 39. b3 Kd7 40. Be5 b5
41. Kd3 Kc8 42. c4 Kd7 43. cxd5 cxd5 44. b4 Kd8 1/2-1/2

[Event "Open Portugal 2019"]
[Site "Lisboa POR"]
[Date "2019.02.03"]
[Round "3.83"]
[White "Fernandes, Miguel"]
[Black "Alves, Fernando"]
[Result "1-0"]
[WhiteElo "2066"]
[BlackElo "1651"]
[WhiteFideId "1920456"]
[BlackFideId "1905678"]
[WhiteCountry "POR"]
[BlackCountry "POR"]
[PlyCount "65"]
[EventDate "2019.02.02"]

1. d4 Nf6 2. c4 c5 3. d5 b5 4. Qc2 g6 5. e4 d6 6. cxb5 a6 7. Nc3 Bg7 8. Nf3 O-O
9. bxa6 Nxa6 10. Bc4 Ng4 11. O-O Ne5 12. Nxe5 Bxe5 13. Bh6 Re8 14. Qe2 Nc7 15.
Kh1 Ba6 16. Bxa6 Rxa6 17. f4 Bd4 18. f5 Rb6 19. fxg6 hxg6 20. Qf3 Bf6 21. b3 Nb5
22. Nxb5 Rxb5 23. Rac1 Ra5 24. Rc2 Qd7 25. g4 Ra7 26. g5 Kh7 27. Qe3 Qg4 28. Rg2
Qh4 29. Qf3 Rb7 30. Rg3 Rb4 31. Rh3 Qxe4 32. Qxe4 Rxe4 33. gxf6 1-0

[Event "Open Portugal 2019"]
[Site "Lisboa POR"]
[Date "2019.02.03"]
[Round "3.84"]
[White "Guerreiro, Nuno"]
[Black "Mendes, Alberto"]
[Result "1-0"]
[WhiteElo "2064"]
[BlackElo "1635"]
[WhiteFideId "1903012"]
[BlackFideId "1901699"]
[WhiteCountry "POR"]
[BlackCountry "POR"]
[PlyCount "137"]
[EventDate "2019.02.02"]

1. Nf3 g6 2. g3 Bg7 3. Bg2 Nf6 4. O-O O-O 5. c4 c5 6. Nc3 Nc6 7. d4 cxd4 8. Nxd4
Nxd4 9. Qxd4 d6 10. Bd2 Ng4 11. Qd5 Rb8 12. b3 Bd7 13. Qd3 Qc8 14. Rac1 Bf5 15.
e4 Ne5 16. Qe3 Bh3 17. Qxa7 Bxg2 18. Kxg2 Nd3 19. Rcd1 Nc5 20. Qa3 Bxc3 21. Bxc3
Nxe4 22. Ba1 Qc6 23. f3 Ng5 24. h4 Ne6 25. Rfe1 Qd7 26. Qb2 f6 27. Qd2 Rf7 28.
Qe3 Ng7 29. Qb6 Rc8 30. a4 Rc6 31. Qf2 Qc7 32. Rd2 e5 33. Red1 Ne8 34. Bb2 Qb6
35. Rd3 Qxf2+ 36. Kxf2 Rb6 37. Ba3 Kg7 38. R1d2 f5 39. Ke2 e4 40. Re3 Nf6 41.
Bxd6 exf3+ 42. Kxf3 Ne4 43. Be5+ Kg8 44. Rd4 Re6 45. Bf4 Kg7 46. Rd5 Rfe7 47.
Red3 h6 48. Bc1 Nf6 49. Bb2 Kf7 50. Bxf6 Kxf6 51. Rd6 g5 52. R3d5 Kg6 53. a5
Rxd6 54. Rxd6+ Kh5 55. hxg5 hxg5 56. Rb6 Rd7 57. Rb5 Kg6 58. b4 g4+ 59. Ke3 Re7+
60. Kd3 Rd7+ 61. Rd5 Rh7 62. Ke3 Re7+ 63. Kd2 Rh7 64. c5 Rh2+ 65. Kc3 Rf2 66. b5
Ra2 67. c6 bxc6 68. bxc6 Ra1 69. Rc5 1-0

[Event "Open Portugal 2019"]
[Site "Lisboa POR"]
[Date "2019.02.03"]
[Round "3.85"]
[White "Skjølingstad, Sverre"]
[Black "Fernández Vallejo, Luis"]
[Result "1/2-1/2"]
[WhiteElo "1782"]
[BlackElo "2063"]
[WhiteFideId "1519913"]
[BlackFideId "2296853"]
[WhiteCountry "NOR"]
[BlackCountry "ESP"]
[PlyCount "156"]
[EventDate "2019.02.02"]

1. e4 d6 2. d4 Nf6 3. Nc3 e5 4. Nf3 Nbd7 5. Bc4 Be7 6. a4 O-O 7. O-O c6 8. h3
Qc7 9. Qe2 b6 10. Rd1 a6 11. Bg5 Bb7 12. d5 cxd5 13. Nxd5 Bxd5 14. Bxd5 Nxd5 15.
Rxd5 Bxg5 16. Nxg5 Nf6 17. Rd3 Rac8 18. b3 h6 19. Nf3 d5 20. Ne1 dxe4 21. Rd2 a5
22. c4 Rfd8 23. Rad1 Rxd2 24. Qxd2 Re8 25. Nc2 Re7 26. Qd8+ Qxd8 27. Rxd8+ Kh7
28. Rd6 Rb7 29. Ne3 Nd7 30. Nd5 Kg8 31. Kf1 Nc5 32. Rxb6 Rxb6 33. Nxb6 Nxb3 34.
Nd7 Nd2+ 35. Ke2 Nxc4 36. g4 f6 37. Nc5 Kf7 38. Nxe4 Ke6 39. Nc5+ Kd5 40. Nb3 g6
41. Kd3 f5 42. f3 fxg4 43. hxg4 h5 44. gxh5 gxh5 45. Ke2 Ke6 46. Kf2 Kf5 47. Nc5
Kf4 48. Ne6+ Kf5 49. Nc5 h4 50. Kg2 Kf4 51. Kf2 Nb2 52. Ne6+ Kf5 53. Nc5 Kg5 54.
Ne6+ Kf6 55. Nc5 Ke7 56. Kg2 Kf6 57. Nb3 Nc4 58. Nc5 Kg5 59. Ne6+ Kf5 60. Nc5
Kf4 61. Kf2 Nb2 62. Ne6+ Kf5 63. Nc5 Kg6 64. Nd7 Nc4 65. Nc5 Nb2 66. Nb3 Nc4 67.
Nc5 Nb2 68. Nb3 Nc4 69. Nc5 Kg7 70. Kg2 Kf6 71. Ne4+ Kf5 72. Nc5 Nb6 73. Nb3
Nxa4 74. Nxa5 Nb2 75. Nc6 Nd3 76. Kh3 Kg5 77. Nxe5 Nxe5 78. f4+ Kxf4 1/2-1/2

[Event "Open Portugal 2019"]
[Site "Lisboa POR"]
[Date "2019.02.03"]
[Round "3.90"]
[White "Golecki, Jan"]
[Black "Barros, Arlindo"]
[Result "1-0"]
[WhiteElo "2018"]
[BlackElo "1603"]
[WhiteFideId "1184008"]
[BlackFideId "23600640"]
[WhiteCountry "POL"]
[BlackCountry "CPV"]
[PlyCount "81"]
[EventDate "2019.02.02"]

1. e4 e5 2. Nf3 Nc6 3. Bb5 a6 4. Ba4 Nf6 5. O-O Be7 6. c3 b5 7. Bc2 d6 8. h3 O-O
9. d4 Re8 10. a4 Bb7 11. Qe2 Bf8 12. d5 Na7 13. Be3 c5 14. dxc6 Nxc6 15. axb5
axb5 16. Nbd2 Qc8 17. Bd3 b4 18. Rac1 bxc3 19. Rxc3 d5 20. Bg5 dxe4 21. Nxe4
Nxe4 22. Qxe4 g6 23. Bb5 Re6 24. Rfc1 Nd4 25. Rxc8 Bxe4 26. Nxd4 exd4 27. Bh6
Re8 28. Bxe8 Bxh6 29. Rxa8 Bxa8 30. Rc8 Bb7 31. Rb8 Bxg2 32. Kxg2 Kf8 33. Ba4+
Ke7 34. Rb7+ Kf6 35. b4 d3 36. b5 d2 37. b6 Ke6 38. Bb3+ Kd6 39. Rxf7 Kc6 40. b7
Bf4 41. Rxf4 1-0

[Event "Open Portugal 2019"]
[Site "Lisboa POR"]
[Date "2019.02.03"]
[Round "3.91"]
[White "Cabaça, André"]
[Black "Bub, Volker"]
[Result "0-1"]
[WhiteElo "1705"]
[BlackElo "2030"]
[WhiteFideId "1923552"]
[BlackFideId "4618963"]
[WhiteCountry "POR"]
[BlackCountry "GER"]
[PlyCount "138"]
[EventDate "2019.02.02"]

1. e4 c5 2. Nc3 e6 3. f4 a6 4. Nf3 Nc6 5. a4 d5 6. d3 Nf6 7. Be2 b6 8. O-O dxe4
9. dxe4 Qxd1 10. Rxd1 Nd4 11. Nxd4 cxd4 12. e5 dxc3 13. exf6 Bc5+ 14. Kf1 gxf6
15. Bf3 Ra7 16. bxc3 Bd7 17. a5 b5 18. Ba3 Bxa3 19. Rxa3 Ke7 20. Be2 Rc8 21. c4
bxc4 22. Rh3 Rb7 23. Rxh7 Ba4 24. Bh5 Be8 25. Ke1 Rb5 26. Ra1 Rcc5 27. Be2 Bc6
28. Rg7 Be4 29. c3 Rb8 30. Rg3 Rh8 31. h3 f5 32. Ra4 Bd5 33. Bf3 Kd6 34. Bxd5
Kxd5 35. Rg7 Rc7 36. Rb4 Rh4 37. Rb6 Ra7 38. g4 Rxh3 39. gxf5 Rxc3 40. fxe6 Re3+
41. Kd2 Rxe6 42. Rxe6 Kxe6 43. Kc3 Rc7 44. Rh7 Kf5 45. Rh6 f6 46. Rh4 Rc6 47.
Kd2 c3+ 48. Kc2 Rc7 49. Rh6 Rc6 50. Rh4 Ke4 51. Kd1 c2+ 52. Kc1 f5 53. Rh1 Kxf4
54. Rf1+ Ke4 55. Re1+ Kd4 56. Rf1 Rc5 57. Rf2 Ke3 58. Rf1 f4 59. Re1+ Kf2 60.
Re6 Rxa5 61. Kxc2 f3 62. Kd2 Rd5+ 63. Kc3 a5 64. Kc4 Rd1 65. Kb5 Ra1 66. Kc4 Ra3
67. Kd4 Kf1 68. Rh6 f2 69. Rh1+ Kg2 0-1

[Event "Open Portugal 2019"]
[Site "Lisboa POR"]
[Date "2019.02.03"]
[Round "3.92"]
[White "Martins, Diogo"]
[Black "Fielding, Michael"]
[Result "1/2-1/2"]
[WhiteElo "1993"]
[BlackElo "1791"]
[WhiteFideId "1926934"]
[BlackFideId "447269"]
[WhiteCountry "POR"]
[BlackCountry "ENG"]
[PlyCount "117"]
[EventDate "2019.02.02"]

1. e4 g6 2. d4 Bg7 3. Nf3 d6 4. Nc3 a6 5. a4 b6 6. Bc4 e6 7. O-O Ne7 8. Bg5 O-O
9. h3 Nd7 10. Qe2 Bb7 11. Rad1 Qe8 12. Rfe1 c5 13. d5 e5 14. Qd2 f5 15. Bxe7
Qxe7 16. Ng5 Bh6 17. h4 Bxg5 18. Qxg5 Qxg5 19. hxg5 f4 20. Be2 Kg7 21. Bg4 Rad8
22. f3 Rh8 23. Kf2 h6 24. gxh6+ Rxh6 25. Bxd7 Rxd7 26. Rh1 Rd8 27. Rxh6 Kxh6 28.
b3 Bc8 29. Ra1 Bd7 30. Nd1 b5 31. axb5 axb5 32. Ra6 Be8 33. Nc3 Kg5 34. Ra5 b4
35. Nd1 Kf6 36. Nb2 Ke7 37. Nc4 g5 38. Ra7+ Rd7 39. Ra8 Bf7 40. Ra6 Be8 41. Kg1
Rd8 42. Ra7+ Rd7 43. Ra8 Bf7 44. Ra6 Bh5 45. Na5 g4 46. Kf2 g3+ 47. Kg1 Be8 48.
Ra8 Rd8 49. Ra7+ Kf8 50. Nc4 Bb5 51. Nb2 Rd7 52. Rxd7 Bxd7 53. Kf1 Bb5+ 54. Ke1
Ke7 55. Nc4 Kd7 56. Kd2 Kc7 57. Kd1 Bd7 58. Ke2 Bb5 59. Kd2 1/2-1/2

[Event "Open Portugal 2019"]
[Site "Lisboa POR"]
[Date "2019.02.03"]
[Round "3.93"]
[White "Cordeiro, João"]
[Black "Archambault, Serge"]
[Result "1-0"]
[WhiteElo "1745"]
[BlackElo "1959"]
[WhiteFideId "1935291"]
[BlackFideId "2604108"]
[WhiteCountry "POR"]
[BlackCountry "CAN"]
[PlyCount "107"]
[EventDate "2019.02.02"]

1. e4 c5 2. Nc3 Nc6 3. g3 e6 4. Bg2 Nf6 5. f4 a6 6. d3 d5 7. e5 Nd7 8. Nf3 Be7
9. O-O O-O 10. Re1 b5 11. Ne2 Rb8 12. d4 cxd4 13. Nexd4 Nxd4 14. Nxd4 Bc5 15.
Be3 Qb6 16. Qd2 b4 17. Bf2 Qc7 18. Bh3 Nb6 19. b3 Bd7 20. Rac1 Rfc8 21. g4 Be7
22. Re3 g6 23. Bf1 Qa7 24. Rf3 Rc7 25. f5 Rc3 26. fxg6 hxg6 27. Rxc3 bxc3 28.
Qxc3 Bg5 29. Be3 Rc8 30. Qd2 Bxe3+ 31. Qxe3 a5 32. a4 Qc7 33. Bd3 Be8 34. h4 Qe7
35. Nf3 Qc5 36. Qxc5 Rxc5 37. Kf2 Kg7 38. Rh1 Bc6 39. h5 Nd7 40. hxg6 fxg6 41.
Ng5 Nf8 42. Rh7+ Nxh7 43. Nxe6+ Kf7 44. Nxc5 Nf8 45. Bb5 Ba8 46. Ke3 g5 47. Kd4
Ke7 48. Bd3 Bc6 49. c3 Be8 50. Bf5 Bc6 51. b4 axb4 52. cxb4 Kd8 53. b5 Ba8 54.
b6 1-0

[Event "Open Portugal 2019"]
[Site "Lisboa POR"]
[Date "2019.02.03"]
[Round "3.94"]
[White "Marques, Afonso"]
[Black "Barbier, Astrid"]
[Result "1/2-1/2"]
[WhiteElo "1662"]
[BlackElo "1945"]
[WhiteFideId "1947184"]
[BlackFideId "200395"]
[WhiteCountry "POR"]
[BlackCountry "BEL"]
[PlyCount "89"]
[EventDate "2019.02.02"]

1. e4 c5 2. Nf3 g6 3. d4 cxd4 4. Nxd4 Nc6 5. Nc3 Bg7 6. Be3 Nf6 7. Bc4 O-O 8.
Bb3 a5 9. f3 Nxd4 10. Bxd4 d6 11. Qd2 Nd7 12. O-O-O Nb6 13. g4 a4 14. Bxg7 Kxg7
15. Bd5 e6 16. Qd4+ Kg8 17. Bc4 e5 18. Qd3 Nxc4 19. Qxc4 Be6 20. Qb4 Qg5+ 21.
Kb1 Rfd8 22. Rxd6 Rxd6 23. Qxd6 Rd8 24. Qb6 a3 25. h4 Qe7 26. Rd1 Rxd1+ 27. Nxd1
Qd7 28. Nc3 Qd2 29. Qg1 axb2 30. Kxb2 Qd6 31. Qe3 Qb4+ 32. Kc1 Qa3+ 33. Kd2 Bxa2
34. Nxa2 Qxa2 35. Qc3 Qe6 36. Ke2 Kf8 37. Kf2 Qb6+ 38. Kg2 Qe6 39. Kf2 Qe7 40.
Kg3 Qe6 41. Qb4+ Qe7 42. Qc3 Qe6 43. Qb4+ Qe7 44. Qc3 Qe6 45. Qb4+ 1/2-1/2

[Event "Open Portugal 2019"]
[Site "Lisboa POR"]
[Date "2019.02.03"]
[Round "3.95"]
[White "Paletta, Giuseppe"]
[Black "Marques, Rui"]
[Result "0-1"]
[WhiteElo "1620"]
[BlackElo "1890"]
[WhiteFideId "804185"]
[BlackFideId "1903390"]
[WhiteCountry "ITA"]
[BlackCountry "POR"]
[PlyCount "92"]
[EventDate "2019.02.02"]

1. d4 Nf6 2. c4 g6 3. Nc3 d5 4. cxd5 Nxd5 5. Nxd5 Qxd5 6. e3 c5 7. Qf3 Qxf3 8.
Nxf3 Nd7 9. Bd2 Bg7 10. Bc3 a6 11. Rc1 b6 12. Be2 Bb7 13. O-O O-O 14. dxc5 Nxc5
15. Bxg7 Kxg7 16. Rfd1 Rfd8 17. Nd4 Rac8 18. Kf1 e5 19. Nc2 Kf6 20. Rxd8 Rxd8
21. Rd1 Rxd1+ 22. Bxd1 Na4 23. Ne1 Nxb2 24. Bb3 Bc6 25. Ke2 Na4 26. Bxa4 Bxa4
27. Kd2 Bc6 28. Kc3 Ke6 29. a3 Kd6 30. f3 f6 31. g3 a5 32. Kc4 b5+ 33. Kc3 Bd5
34. h3 Be6 35. h4 Bd5 36. f4 Be4 37. g4 exf4 38. exf4 Kc5 39. f5 gxf5 40. gxf5
b4+ 41. axb4+ axb4+ 42. Kb3 h5 43. Nc2 Bxc2+ 44. Kxc2 Kc4 45. Kc1 Kc3 46. Kb1
Kb3 0-1

[Event "Open Portugal 2019"]
[Site "Lisboa POR"]
[Date "2019.02.03"]
[Round "3.96"]
[White "Nikula, Mikko"]
[Black "Bártolo, Filipe"]
[Result "1-0"]
[WhiteElo "1889"]
[BlackElo "1666"]
[WhiteFideId "505277"]
[BlackFideId "1942565"]
[WhiteCountry "FIN"]
[BlackCountry "POR"]
[PlyCount "55"]
[EventDate "2019.02.02"]

1. e4 c5 2. Nf3 e6 3. d4 cxd4 4. Nxd4 Nf6 5. Bd3 Nc6 6. Nb3 a6 7. O-O Be7 8. c4
d6 9. Be3 O-O 10. Nc3 b6 11. f3 Qc7 12. Rc1 Bb7 13. Nd5 exd5 14. cxd5 Nd7 15.
dxc6 Bxc6 16. Nd4 Nb8 17. Qb3 b5 18. Rc2 Qb7 19. Nxc6 Nxc6 20. Qd5 Bf6 21. Qxc6
Qe7 22. Rfc1 g6 23. Qd5 h5 24. Rc7 Qd8 25. Bh6 Be5 26. Bxf8 Qxf8 27. R1c2 Qg7
28. Qxa8+ 1-0

[Event "Open Portugal 2019"]
[Site "Lisboa POR"]
[Date "2019.02.03"]
[Round "3.97"]
[White "Horta, António"]
[Black "Santos, Ana P"]
[Result "0-1"]
[WhiteElo "1887"]
[BlackElo "1563"]
[WhiteFideId "1916971"]
[BlackFideId "1921550"]
[WhiteCountry "POR"]
[BlackCountry "POR"]
[PlyCount "54"]
[EventDate "2019.02.02"]

1. e4 e6 2. Nf3 d5 3. e5 c5 4. Bb5+ Nd7 5. O-O a6 6. Be2 Qc7 7. d4 cxd4 8. Qxd4
Qxc2 9. Bd3 Qc7 10. Nc3 Bc5 11. Qg4 g6 12. Bf4 Qb6 13. Rac1 Qxb2 14. Nxd5 exd5
15. e6 Ndf6 16. exf7+ Kxf7 17. Ng5+ Kg7 18. Qg3 Qb6 19. Rxc5 Qxc5 20. Rc1 Qe7
21. Bd6 Nh5 22. Be5+ Ngf6 23. Qe3 Re8 24. f4 Bf5 25. Bxf5 gxf5 26. Qd4 Rac8 27.
Rd1 Qc5 0-1

[Event "Open Portugal 2019"]
[Site "Lisboa POR"]
[Date "2019.02.03"]
[Round "3.98"]
[White "Pereira, André Marques"]
[Black "Fanha, Paulo"]
[Result "0-1"]
[WhiteElo "1604"]
[BlackElo "1884"]
[WhiteFideId "2116774"]
[BlackFideId "1902148"]
[BlackTitle "CM"]
[WhiteCountry "POR"]
[BlackCountry "POR"]
[PlyCount "116"]
[EventDate "2019.02.02"]

1. d4 d5 2. Nf3 Nc6 3. Bf4 Bg4 4. Ne5 Nxe5 5. Bxe5 Nf6 6. Bxf6 gxf6 7. Nc3 Qd6
8. a3 O-O-O 9. Qd3 e5 10. O-O-O h5 11. Qb5 a6 12. Qa4 Bd7 13. Qa5 Be6 14. e3 c5
15. Na4 cxd4 16. Nb6+ Kb8 17. exd4 Ka7 18. Na4 Rc8 19. Nc3 Qc6 20. Bb5 Qb6 21.
Qxb6+ Kxb6 22. Be2 e4 23. Kb1 h4 24. Ka2 Bd6 25. g3 hxg3 26. hxg3 f5 27. Rdf1
Be7 28. Bd1 Kc6 29. Ne2 Bg5 30. c3 Kd6 31. Rxh8 Rxh8 32. Kb1 Bd7 33. b3 Bb5 34.
a4 Bd3+ 35. Kb2 Rh2 36. Ka1 Bd2 37. c4 dxc4 38. bxc4 Bxc4 39. d5 Kxd5 40. Bb3
Bxb3 41. Kb2 Bxa4 42. Ka3 b5 43. Nf4+ Bxf4 44. gxf4 a5 45. Rc1 Rh3+ 46. Ka2 Bb3+
47. Kb2 Bc4 48. Rg1 Kd4 49. Rg8 Rf3 50. Rd8+ Bd5 51. Rb8 Rxf2+ 52. Ka1 Bc4 53.
Rd8+ Kc3 54. Rd1 Kb3 55. Rc1 Ra2+ 56. Kb1 Bd3+ 57. Rc2 Rxc2 58. Ka1 Rc1# 0-1

[Event "Open Portugal 2019"]
[Site "Lisboa POR"]
[Date "2019.02.03"]
[Round "3.99"]
[White "Castanheira, António"]
[Black "Florissi, Aldo"]
[Result "1-0"]
[WhiteElo "1875"]
[BlackElo "1468"]
[WhiteFideId "1901788"]
[BlackFideId "28513428"]
[WhiteCountry "POR"]
[BlackCountry "ITA"]
[PlyCount "43"]
[EventDate "2019.02.02"]

1. c4 e5 2. Nc3 Nc6 3. g3 Nf6 4. Bg2 Bc5 5. a3 a5 6. e3 O-O 7. Nge2 Ne7 8. d4
exd4 9. exd4 Ba7 10. Bg5 Nc6 11. Nd5 Re8 12. O-O Re6 13. c5 b6 14. Nef4 Re8 15.
Nh5 Re6 16. Bh3 Ba6 17. Bxe6 Bxf1 18. Bxf7+ Kxf7 19. Kxf1 Qe8 20. Nhxf6 gxf6 21.
Qh5+ Kg8 22. Nxf6+ 1-0

[Event "Open Portugal 2019"]
[Site "Lisboa POR"]
[Date "2019.02.03"]
[Round "3.100"]
[White "Quintino, Luís"]
[Black "Yushko, Igor"]
[Result "1-0"]
[WhiteElo "1868"]
[BlackElo "1389"]
[WhiteFideId "1904086"]
[BlackFideId "14156270"]
[WhiteCountry "POR"]
[BlackCountry "UKR"]
[PlyCount "51"]
[EventDate "2019.02.02"]

1. d4 d5 2. Nc3 Nf6 3. Bg5 Nc6 4. e3 e6 5. Bb5 Bd7 6. Nge2 Bd6 7. e4 dxe4 8.
Nxe4 Be7 9. Bxf6 Bxf6 10. Nc5 b6 11. Nxd7 Qxd7 12. c3 a6 13. Qa4 Qd6 14. Bxc6+
Ke7 15. Bxa8 Rxa8 16. O-O Kf8 17. Qc2 g6 18. Ng3 Qf4 19. Qe4 Qxe4 20. Nxe4 Bg7
21. f4 Re8 22. Rae1 a5 23. g4 f5 24. Ng5 fxg4 25. Nxe6+ Kf7 26. Nxg7 1-0